Textures of place : exploring humanist geographies

Saved in:
Bibliographic Details
Other Authors: Adams, Paul C. (Editor), Hoelscher, Steven (Editor), Till, Karen E. (Editor)
Format: Book
Language:English
Published: Minneapolis : University of Minnesota Press, c2001
Subjects:
Tags: Add Tag
No Tags, Be the first to tag this record!

MARC

LEADER 00000nam a2200000 i 4500
001 1/39704
008 030901s2001 eng d
020 |a 0-8166-3757-1 
035 |l 10070674 
040 |a GR-MY-UA  |b gre  |e aacr 
041 0 |a eng 
082 0 |a 304.2  |2 (21) 
245 1 0 |a Textures of place :  |b exploring humanist geographies /  |c Paul C. Adams, Steven Hoelscher, and Karen E. Till, editors 
260 |a Minneapolis :   |b University of Minnesota Press,   |c c2001 
300 |a xxxiii, 461 σ.;  |b εικ.;  |c 26 εκ. 
504 |a Περιέχει βιβλιογραφία και ευρετήριο 
650 0 0 |a Human geography. 
700 1 |a Adams, Paul C.  |4 edt 
700 1 |a Hoelscher, Steven.  |4 edt 
700 1 |a Till, Karen E.  |4 edt 
852 |a INST  |b LESVOS  |e 20030901  |h 304.2 TEX  |p 005100026649  |q 005100026649  |t BK  |y 0 
901 |a BIBL1-2003-2 
909 |a Λ  |b 102942 
922 |a 1ΕΛΗ  |b 200211  |c ΕΠΕΑΕΚ2/ΤΓ  |d ΠΑΠΑΣΩΤΗΡΙΟΥ & ΕΛΕΥΘΕΡΟΥΔΑΚΗΣ 
950 |a 118-2002-10-05 
970 |a ΚΑΡΑ  |b ΓΙΑΣΕΜΗ  |z 2003/09/01